ARRUPE JESUIT UNIVERSITY

CORONAVIRUS -STOP THE SPREAD - CLEAN,DISINFECT,COVER

A diary from the lion's den (Record no. 120524)

MARC details
000 -LEADER
fixed length control field 00370nam a22001337a 4500
005 - DATE AND TIME OF LATEST TRANSACTION
control field 20140519172758.0
008 - FIXED-LENGTH DATA ELEMENTS--GENERAL INFORMATION
fixed length control field 140519b xxu||||| |||| 00| 0 eng d
050 ## - LIBRARY OF CONGRESS CALL NUMBER
Classification number BX3747.Z3
Item number B736 2014
100 ## - MAIN ENTRY--PERSONAL NAME
Personal name Boron, Joseph
9 (RLIN) 10316
245 ## - TITLE STATEMENT
Title A diary from the lion's den
Statement of responsibility, etc Boron, Joseph
260 ## - PUBLICATION, DISTRIBUTION, ETC. (IMPRINT)
Place of publication, distribution, etc Lusaka
Name of publisher, distributor, etc non
Date of publication, distribution, etc 2014
300 ## - PHYSICAL DESCRIPTION
Extent 48p.;
Dimensions 21cm.
942 ## - ADDED ENTRY ELEMENTS (KOHA)
Source of classification or shelving scheme Library of Congress Classification
Item type Monograph ( Printed materials)
Holdings
Withdrawn status Lost status Source of classification or shelving scheme Damaged status Not for loan Collection code Home library Current library Shelving location Date acquired Total Checkouts Full call number Barcode Date last seen Copy number Price effective from Koha item type
    Library of Congress Classification     Main Collection ARRUPE LIBRARY ARRUPE LIBRARY Main Collection 19/05/2014   BX3747.Z3 B736 2014 46500001540 22/11/2017 1 19/05/2014 Monograph ( Printed materials)
    Library of Congress Classification     SPECIAL Collection ARRUPE LIBRARY ARRUPE LIBRARY Main Collection 19/05/2014   SCP BX3747.Z3 B736 2014 46500001541 19/05/2014 2 19/05/2014 Monograph ( Printed materials)

 

Arrupe Library. PO Box MP320 Mt Pleasant, Harare, Zimbabwe
263 242 745411|librarian@aju.ac.zw